| 000 | 00617nam a2200169 4500 | ||
|---|---|---|---|
| 008 | 101006s2010 ph 000 0 eng | ||
| 020 |
_a9789710327355 : _cPhp99.99 |
||
| 090 |
_aBR115.C8 _bL31p _b2010 |
||
| 100 | 1 | _aLapiz, Eduardo M. | |
| 245 | 1 | 0 |
_aPagpapahiyang : _bredeeming culture and indigenizing Christianity / _cEduardo M. Lapiz |
| 260 |
_aPhilippines : _b[Makati City], _c2010. |
||
| 300 |
_axiii, 283 p. ; _c23 cm. |
||
| 650 | 4 |
_aChristianity and culture _zPhilippines |
|
| 650 | 4 |
_aCulture _zPhilippines |
|
| 951 |
_p34019 _x00040053 _oFILBR115.C8/L31p/2010 _j101006122023609 _d2000-12-21 _cFIL |
||
| 999 |
_c34790 _d34790 |
||